Central Library OPAC University of Rajshahi

The works of Henry Fielding : (Record no. 57194)

MARC details
000 -LEADER
fixed length control field 01204cam a2200301 4500
001 - CONTROL NUMBER
control field 57194
003 - CONTROL NUMBER IDENTIFIER
rucl marc code BD-RjUL
005 - DATE AND TIME OF LATEST TRANSACTION
control field 20211209080458.0
008 - FIXED-LENGTH DATA ELEMENTS--GENERAL INFORMATION
fixed length control field 161207s1766 enk|||| s 00| ||eng d
035 ## - SYSTEM CONTROL NUMBER
System control number (BD-RjUL)57318
040 ## - CATALOGING SOURCE
Original cataloging agency Uk-ES
Transcribing agency Uk-ES
Modifying agency CStRLIN
-- Thomson Gale
-- BD-RjUL
Language of cataloging eng
041 ## - LANGUAGE CODE
Language code of text/sound track or separate title eng
082 ## - DEWEY DECIMAL CLASSIFICATION NUMBER
Edition number 23
Classification number 820.8005
Author mark and year FIW 1766
100 1# - MAIN ENTRY--PERSONAL NAME
Personal name Fielding, Henry,
Dates associated with a name 1707-1754.
9 (RLIN) 169866
245 14 - TITLE STATEMENT
Title The works of Henry Fielding :
Remainder of title with the life of the author /
Statement of responsibility, etc. Henry Fielding
250 ## - EDITION STATEMENT
Edition statement 3rd ed.
260 ## - PUBLICATION, DISTRIBUTION, ETC. (IMPRINT)
Place of publication, distribution, etc. London :
Name of publisher, distributor, etc. printed for A. Millar,
Date of publication, distribution, etc. 1766.
300 ## - PHYSICAL DESCRIPTION
Pagination V. ;
Size 16 cm
500 ## - GENERAL NOTE
General note "Complete in 12 Volumes"
505 0# - FORMATTED CONTENTS NOTE
Formatted contents note Vol. 2 -- v. 3 -- v. 4 -- v.5 -- v. 6 -- v. 7 --v. 8 --v. 9 -- v.10 -- v.11 -- v. 12.
600 ## - SUBJECT ADDED ENTRY--PERSONAL NAME
Personal name Fielding, Henry
General subdivision Biography
650 ## - SUBJECT ADDED ENTRY--TOPICAL TERM
Topical term or geographic name as entry element English Literature
General subdivision Collected Works
9 (RLIN) 172321
Chronological subdivision 1702-1745
856 40 - ELECTRONIC LOCATION AND ACCESS
Uniform Resource Identifier <a href="http://galenet.galegroup.com/servlet/ECCO?ae=T089841&c=1&stp=Author&ste=11&af=BN&tiPG=1&dd=0&dc=flc&docNum=CW125007762&vrsn=1.0&srchtp=a&d4=0.33&n=10&SU=0LRN&locID=camb27002">http://galenet.galegroup.com/servlet/ECCO?ae=T089841&c=1&stp=Author&ste=11&af=BN&tiPG=1&dd=0&dc=flc&docNum=CW125007762&vrsn=1.0&srchtp=a&d4=0.33&n=10&SU=0LRN&locID=camb27002</a>
942 ## - ADDED ENTRY ELEMENTS (KOHA)
Source of classification or shelving scheme Dewey Decimal Classification
Koha item type Rare Books
956 41 - LOCAL ELECTRONIC LOCATION AND ACCESS (OCLC)
Uniform Resource Identifier <a href="http://libraries.mit.edu/get/ecco">http://libraries.mit.edu/get/ecco</a>
Holdings
Lost status Source of classification or shelving scheme Damaged status Not for loan Collection code Permanent Location Current Location Shelving location Date acquired Source of acquisition Cost, normal purchase price Total Checkouts Full call number Date last seen Copy number Koha item type
  Dewey Decimal Classification   Not For Loan Rare Books Central Library, University of Rajshahi Central Library, University of Rajshahi Rare Book Section 20/11/1956 Blackwell 7.70   RA 820.8005 FIW V-2 1766 07/12/2016 C-1 Rare Books
  Dewey Decimal Classification   Not For Loan Rare Books Central Library, University of Rajshahi Central Library, University of Rajshahi Rare Book Section 20/11/1956 Blackwell 7.70   RA 820.8005 FIW V-3 1766 12/12/2016 C-1 Rare Books
  Dewey Decimal Classification   Not For Loan Rare Books Central Library, University of Rajshahi Central Library, University of Rajshahi Rare Book Section 20/11/1956 Blackwell 7.70   RA 820.8005 FIW V-4 1766 12/12/2016 C-1 Rare Books
  Dewey Decimal Classification   Not For Loan Rare Books Central Library, University of Rajshahi Central Library, University of Rajshahi Rare Book Section 20/11/1956 Blackwell 7.70   RA 820.8005 FIW V-5 1766 12/12/2016 C-1 Rare Books
  Dewey Decimal Classification   Not For Loan Rare Books Central Library, University of Rajshahi Central Library, University of Rajshahi Rare Book Section 20/11/1956 Blackwell 7.70   RA 820.8005 FIW V-6 1766 12/12/2016 C-1 Rare Books
  Dewey Decimal Classification   Not For Loan Rare Books Central Library, University of Rajshahi Central Library, University of Rajshahi Rare Book Section 20/11/1956 Blackwell 7.70   RA 820.8005 FIW V-7 1766 12/12/2016 C-1 Rare Books
  Dewey Decimal Classification   Not For Loan Rare Books Central Library, University of Rajshahi Central Library, University of Rajshahi Rare Book Section 20/11/1956 Blackwell 7.70   RA 820.8005 FIW V-8 1766 12/12/2016 C-1 Rare Books
  Dewey Decimal Classification   Not For Loan Rare Books Central Library, University of Rajshahi Central Library, University of Rajshahi Rare Book Section 20/11/1956 Blackwell 7.70   RA 820.8005 FIW V-9 1766 12/12/2016 C-1 Rare Books
  Dewey Decimal Classification   Not For Loan Rare Books Central Library, University of Rajshahi Central Library, University of Rajshahi Rare Book Section 20/11/1956 Blackwell 7.70   RA 820.8005 FIW V-10 1766 12/12/2016 C-1 Rare Books
  Dewey Decimal Classification   Not For Loan Rare Books Central Library, University of Rajshahi Central Library, University of Rajshahi Rare Book Section 20/11/1956 Blackwell 7.70   RA 820.8005 FIW V-11 1766 12/12/2016 C-1 Rare Books
  Dewey Decimal Classification   Not For Loan Rare Books Central Library, University of Rajshahi Central Library, University of Rajshahi Rare Book Section 20/11/1956 Blackwell 7.70   RA 820.8005 FIW V-12 1766 12/12/2016 C-1 Rare Books